| 000 | 01527nam2a22002291 4500 | ||
|---|---|---|---|
| 001 | rc\771369 | ||
| 005 | 20250622135029.0 | ||
| 035 | _a(NLR Aleph) 006323588 | ||
| 090 |
_a7473821 _c7473821 |
||
| 100 | _a20040301d1984 |||y0rusy50 ca | ||
| 101 | 0 | _arus | |
| 102 | _aRU | ||
| 105 | _ay ||||||||| | ||
| 200 | 0 |
_a... за 1980-1984 гг. _f[Сост. Л.С. Сырова] |
|
| 210 |
_d1984 _aБ. м. |
||
| 215 | _a43 л. | ||
| 461 | 0 |
_1001rc\771368 _12001#$aАвтоматизация проектирования изделий и технологических процессов гибких автоматизированных производств (ГАП) машиностроения и приборостроения$eЛит. на рус. и иностр. яз. ...$fГос. Публ. б-ка им. М.Е. Салтыкова-Щедрина, Информ.-библиогр. отд.$v... за 1980-1984 гг. _97473813 _c[Л.] _d1984 _fГос. Публ. б-ка им. М.Е. Салтыкова-Щедрина, Информ.-библиогр. отд. _nБ. и. _oЛит. на рус. и иностр. яз. ... _tАвтоматизация проектирования изделий и технологических процессов гибких автоматизированных производств (ГАП) машиностроения и приборостроения _v... за 1980-1984 гг. |
|
| 801 | 0 |
_aRU _bNLR _gpsbo |
|
| 801 | 1 |
_aRU _bELAR _2rusmarc |
|
| 852 |
_aNLR _jМф К1/14272 |
||
| 942 | _cBOOK | ||
| 980 | _aNB | ||